[Event "Negambo op 4th"]
[Site "Negambo"]
[Date "2018.08.17"]
[Round "3"]
[White "Sandanayake, Dehansa Nisanduni"]
[Black "Liyanage, Ranindu Dilshan"]
[Result "0-1"]
[WhiteElo "1230"]
[BlackElo "1989"]
[PlyCount "98"]
[EventDate "2018.08.16"]
[EventType "swiss"]
[EventRounds "10"]
[EventCountry "SRI"]
[SourceTitle "CBM 186 Extra"]
[Source "ChessBase"]
[SourceDate "2018.08.24"]
[SourceVersion "1"]
[SourceVersionDate "2018.08.24"]
[SourceQuality "1"]

1. e4 g6 2. d4 Bg7 3. Nf3 d6 4. Nc3 a6 5. Bd3 b5 6. a3 Bb7 7. 0-0 Nd7 8. Be3 h6 9. h3 e6 10. Qd2 Ne7 11. Rfe1 c5 12. dxc5 dxc5 13. Rab1 Qc7 14. b3 Rd8 15. Nd1 c4 16. bxc4 bxc4 17. Be2 Bxe4 18. Qc1 Nd5 19. Bd4 Bxd4 20. Nxd4 Nf4 21. Ne3 Nf6 22. Rd1 Rxd4 23. Re1 Nxe2+ 24. Rxe2 Nd5 25. Qb2 Nf4 26. Ree1 c3 27. Qb8+ Qxb8 28. Rxb8+ Rd8 29. Rxd8+ Kxd8 30. Rd1+ Kc7 31. Kf1 Rd8 32. Rxd8 Kxd8 33. f3 Nd5 34. Nxd5 Bxd5 35. Ke2 Bc4+ 36. Ke3 Bf1 37. Kf2 Bd3 38. cxd3 c2 39. Ke2 c1Q 40. g4 Ke7 41. d4 Kd6 42. h4 Kd5 43. g5 hxg5 44. hxg5 Kxd4 45. f4 Qe3+ 46. Kf1 Qd2 47. Kg1 Ke3 48. Kh1 Kf3 49. Kg1 Qg2# 0-1